| 000 | 02109nam a2200481 i 4500 | ||
|---|---|---|---|
| 001 | DIGBONART0164 | ||
| 003 | NyNyDIG | ||
| 007 | cr ||||||||||| | ||
| 008 | 200608s2017 mx a ob 000 0 spa d | ||
| 006 | m o d | ||
| 035 | _a(OCoLC)1258693369 | ||
| 040 |
_aDGITA _beng _erda _epn _cDGITA |
||
| 020 |
_z9786078560110 _qBonilla Artigas Editores |
||
| 020 |
_z9786078519477 _qUAEM |
||
| 043 | _an-mx--- | ||
| 050 | 1 | 4 | _aHD9502.M62 ebook |
| 082 | 1 | 4 | _a333.790972 |
| 245 | 0 | 0 |
_aSustentabilidad energética, medio ambiente y sociedad / _cAntonio Rodríguez Martínez, Rosenberg Javier Romero Domínguez, Helena Cabal Cuesta (coordinadores). |
| 264 | 1 |
_aCiudad de México : _bBonilla Artigas Editores ; _aCuernavaca, Morelos : _bUniversidad Autónoma del Estado de Morelos, _c[2017] |
|
| 300 |
_a1 online resource : _billustrations. |
||
| 336 |
_atext _btxt _2rdacontent |
||
| 337 |
_acomputer _bc _2rdamedia |
||
| 338 |
_aonline resource _bcr _2rdacarrier |
||
| 347 |
_atext file _2rdaft |
||
| 347 | _bPDF | ||
| 490 | 1 |
_aPùblica investigación ; _v2 |
|
| 504 | _aIncludes bibliographical references. | ||
| 588 | 0 | _aOnline resource; title from PDF title page (Digitalia, viewed June 15, 2021) | |
| 650 | 0 |
_aEnergy policy _zMexico. |
|
| 650 | 0 |
_aEnergy development _zMexico. |
|
| 650 | 0 |
_aSustainable development _zMexico. |
|
| 655 | 0 | _aElectronic books. | |
| 700 | 1 |
_aRodríguez Martínez, Antonio, _eeditor. |
|
| 700 | 1 |
_aRomero Domínguez, Rosenberg Javier, _eeditor. |
|
| 700 | 1 |
_aCabal Cuesta, Helena, _eeditor. |
|
| 791 | 2 |
_aDigitalia (Firm), _edistributor. |
|
| 793 | 0 |
_gDigitalia eBook Collection: _aBonilla Artigas Editores |
|
| 776 | 0 | 8 |
_iPrint version: _tSustentabilidad energética, medio ambiente y sociedad. _bPrimera edición. _dCiudad de México : Bonilla Artigas Editores ; Cuernavaca, Morelos : Universidad Autónoma del Estado de Morelos, 2017 _z9786078560110 |
| 830 | 0 |
_aPública (Mexico City, Mexico). _pInvestigación; _v2. |
|
| 856 | 4 | 0 |
_3Digitalia Hispánica _uhttps://www.digitaliapublishing.com/a/81465/ |
| 910 | _aPremium collection: 2021 | ||
| 942 | _cRAA | ||
| 999 |
_c265390 _d265390 |
||